| 000 | 01722nam0a2200421 4500 | ||
|---|---|---|---|
| 001 | RU\NLR\bibl\1935038 | ||
| 005 | 20260408192409.0 | ||
| 010 |
_a978-5-89353-363-7 _91500 |
||
| 021 |
_aRU _b2012-55211 _94031 |
||
| 035 | _a(NLR Aleph) 001924351 | ||
| 090 |
_a3349184 _c3349184 |
||
| 100 | _a20120816d2012 k y0rusy50 ca | ||
| 101 | 1 |
_arus _cger |
|
| 102 | _aRU | ||
| 105 | _ay ||||||||| | ||
| 200 | 1 |
_aТерапия нарушений привязанности _eот теории к практике _fКарл Хайнц Бриш _g[пер. с нем. С.И. Дубинской] |
|
| 210 |
_aМосква _cКогито-Центр _d2012 |
||
| 215 |
_a319 с. _d24 |
||
| 225 | 1 | _aКлиническая психология | |
| 300 | _aЗагл. и авт. ориг.: Bindungsstörungen / Karl Heinz Brisch | ||
| 320 | _aБиблиогр.: с. 287-315 | ||
| 454 | 0 |
_12001#$aBindungsstörungen$fKarl Heinz Brisch _1700#1$aBrisch$bK. H.$gKarl Heinz$4070 _tBindungsstörungen _aBrisch, Karl Heinz |
|
| 606 | 1 |
_aЧувства _xПсихоанализ _92146390 _3RU\NLR\auth\661293090 |
|
| 606 | 1 |
_aПсихотерапия _9915280 _3RU\NLR\auth\6615398 |
|
| 606 | 1 |
_aДети _xПривязанность _xРасстройства _xТерапия _92113171 _3RU\NLR\auth\661580380 |
|
| 606 |
_aПривязанность (психол.) _92158855 _3RU\NLR\auth\661299394 |
||
| 686 | _aЮ935.21-953.6 | ||
| 686 | _aЮ937-953.6 | ||
| 686 | _aЮ935.213 | ||
| 686 | _aЮ948.1-82 | ||
| 686 | _aР733.64-325-5 | ||
| 700 | 1 |
_aБриш _bК. Х. _f1955- _gКарл Хайнц _4070 |
|
| 801 | 0 |
_aRU _bNLR _c20120816 _gRCR |
|
| 801 | 1 |
_aRU _bNLR _c20120816 |
|
| 942 | _cBOOK | ||
| 980 | _aNBR | ||
| 980 | _aNB | ||